WWF Champions when getting the "F" out - Statistics

General Stats
  • This quiz has been taken 76 times
  • The average score is 4 of 8
Answer Stats
Hint Answer % Correct
WWF Undisputed Champion Hollywood Hulk Hogan
75%
WWF Intercontinental Champion Eddie Guerrero
63%
WWF European Champion Spike Dudley
53%
WWF Women's Champion Jazz
44%
WWF World Tag Team Champion Chuck
40%
WWF World Tag Team Champion Billy
39%
WWF Cruiserweight Champion Tajiri
32%
WWF Hardcore Champion Steven Richards
19%
No matching quizzes found
Score Distribution
Percent of People with Each Score
Percentile by Number Answered
Your Score History
You have not taken this quiz